Statistics for I Saw The Light Lyrics Quiz

Click here to take the quiz!

General Stats

  • This quiz has been taken 8 times
  • The average score is 149 of 239

Answer Stats

Lyrics% Correct
I
100%
(I
100%
light
100%
saw
100%
the
100%
(In
88%
(in
88%
In
88%
in
88%
no
88%
a
75%
eyes?
75%
eyes
75%
eyes)
75%
me
75%
my
75%
was
75%
you
75%
your
75%
all
63%
And
63%
feeling
63%
for
63%
it
63%
It
63%
It's
63%
night
63%
(not
63%
not
63%
oh
63%
only
63%
Only
63%
right
63%
So
63%
so
63%
that
63%
to
63%
(we
63%
we
63%
About
50%
another
50%
best
50%
But
50%
Can't
50%
do
50%
girl
50%
hit
50%
just
50%
knew
50%
last
50%
late
50%
love
50%
one
50%
out
50%
say
50%
see
50%
sight
50%
something
50%
soul
50%
Then
50%
There
50%
there
50%
up
50%
wasn't
50%
wrong
50%
you're
50%
before
38%
'Cause
38%
ever
38%
fling)
38%
fling
38%
from
38%
had
38%
help
38%
jest
38%
never
38%
Or
38%
our
38%
ran
38%
run)
38%
run
38%
said
38%
thing)
38%
thing
38%
Though
38%
would
38%
along
25%
answer
25%
anymore
25%
at
25%
began
25%
(began
25%
bell
25%
couldn't
25%
different
25%
feelings
25%
gazed
25%
head
25%
little
25%
none)
25%
none
25%
plain
25%
rest
25%
ring
25%
ring)
25%
strong
25%
suspect
25%
(suspect
25%
'Til
25%
tried
25%
walked
25%
won't
25%
wouldn't
25%
Were
13%

Score Distribution

Percentile by Number Answered

Percent of People with Each Score

Your Score History

You have not taken this quiz